000 02003 a2200229 4500
999 _c10909
_d10909
020 _a9781285429106
050 _aQD415
_b.CAM 2015
100 _a Campbell, Mary K.
_eauthor
245 _a Biochemistry /
_cMary K. Campbell, Shawn O. Farrell
250 _aEighth edition
264 _aAustralia:
_bCengage Learning
_c 2015
300 _a 1 volume (various paging's) : illustrations, portraits ; 29 cm
336 _1text
_ardacontent
_btxt
337 _1unmediated
_ardamedia
_bn
338 _1volume
_ardcarrier
_bnc
504 _alncludes index
505 _aMagazine: hot topics in biochemistry :The genetics of breast cancer Stem cells: science and politics The science of happiness and depression Humans versus flu Malaria Aging-looking for the biochemical fountain of youth Proteins and magnets: nuclear magnetic resonance in biochemistry G-protein-coupled receptors Biochemistry and the organization of cells Water: the solvent for biochemical reactions Amino acids and peptides The three-dimensional structure of proteins Protein purification and characterization techniques The behavior of proteins: enzymes The behavior of proteins: enzymes, mechanisms, and control Lipids and proteins are associated in biological membranes Nucleic acids: how structure conveys information Biosynthesis of nucleic acids: replication Transcription of the genetic code: the biosynthesis of RNA Protein synthesis: translation of the genetic message Nucleic acid biotechnology techniques Viruses, cancer and immunology The importance of energy changes and electron transfer in metabolism Carbohydrates Glycolysis Storage mechanisms and control in carbohydrate metabolism The citric acid cycle Electron transport and oxidative phosphorylation Lipid metabolism photosynthesis The metabolism of nitrogen Integration of metabolism: cellular signaling
650 _a Biochemical Phenomena
650 _a Biochemistry
700 _aFarrell, Shawn O.
942 _2lcc
_cBK
_h415
_iCAM
_kQD